Adoquinado de 5 Calles (936 Ml) en Santo Domingo Chontales
El presente trabajo tiene como objetivo presentar la estructura del diseño de adoquinado de 5 Calles (936 Ml) en Santo Domingo Chontales, mediante el análisis de los resultados del estudio de suelo, calcular y especificar el espesor de cada una de las capas que consta la estructura de pavimento se...
| Main Authors: | , |
|---|---|
| Other Authors: | |
| Format: | Tesis Section = Libro |
| Language: | Undetermined Spanish |
| Published: |
Managua
UNI
2007
|
| Subjects: |
| LEADER | 01258nam a2200265Ia 4500 | ||
|---|---|---|---|
| 008 | 240830s9999 xx 000 0 und d | ||
| 040 | |a BIBLIOTECA-RUPAP T.Mon 691 P162 | ||
| 041 | |a spa | ||
| 082 | |a T.Mon 691 P162 | ||
| 100 | 1 | |a Paladino Solórzano, Javier Humberto | |
| 100 | 1 | |b García Álvarez, Clegio Humberto | |
| 245 | 1 | 0 | |a Adoquinado de 5 Calles (936 Ml) en Santo Domingo Chontales |
| 260 | |a Managua |b UNI |c 2007 | ||
| 300 | |a 105 p. :il. | ||
| 500 | |a Contiene: anexos. | ||
| 502 | |a Tesis (Ingeniero Civil)- UNI, 2007. | ||
| 520 | 3 | |a El presente trabajo tiene como objetivo presentar la estructura del diseño de adoquinado de 5 Calles (936 Ml) en Santo Domingo Chontales, mediante el análisis de los resultados del estudio de suelo, calcular y especificar el espesor de cada una de las capas que consta la estructura de pavimento semiflexible e indicar los diferentes tipos de señalizaciones vial horizontal y vertical que existen y que se utilizaran para este proyecto. | |
| 650 | 7 | |a MATERIALES DE CONSTRUCCION - ADOQUINES | |
| 650 | 7 | |b ADOQUINADO DE CALLE | |
| 650 | 7 | |c ESTUDIO DE SUELO | |
| 650 | 7 | |d DISEÑO DE PAVIMENTO | |
| 700 | 1 | |a Tutor: |b Bustamante Arteaga, José Fernando | |
| 942 | |c BK |2 ddc | ||
| 991 | |a TESIS | ||
| 999 | |c 18816 | ||